000 01296nam a2200337 i 4500
001 8061
003 KOSZ 005
005 20200814092600.0
008 080916s1966 pl a f 001 0 pol
015 _aPB 1966/7878
040 _aWA N
_cKOSZ 005/RW
_dKOSZ 005/RW
_dKOSZ 005/HR
041 1 _apol
_heng
046 _k1966
080 _a539.1
100 1 _aAdair, Robert Kemp.
_eAutor.
245 1 0 _aCząstki dziwne /
_cRobert Kemp Adair, Earl Cabell Fowler ; [z ang. przeł. Tomasz Hofmokl ; uzup. Grzegorz Białkowski, Tomasz Hofmokl.
260 _aWarszawa :
_bPaństwowe Wydawnictwo Naukowe,
_c1966.
300 _a186, [2] s., [2] s. tabl. :
_bil., err. ;
_c18 cm.
380 _aKsiążki.
490 1 _aMałe Monografie PWN. Fizyka
504 _aBibliogr. przy rozdz. Indeks.
658 _aFizyka i astronomia
650 4 _aCząstki elementarne
700 1 _aFowler, Earle Cabell.
_eAutor
700 1 _aHofmokl, Tomasz
_d(1936-2000).
_eTłumaczenie
700 1 _aBiałkowski, Grzegorz
_d(1932-1989).
_eOpracowanie
710 2 _aPaństwowe Wydawnictwo Naukowe
_4pbl.
856 _uhttp://koha.tu.koszalin.pl/cgi-bin/koha/opac-detail.pl?biblionumber=8061
_yKatalog online BPK
830 0 _aMałe Monografie PWN.
_pFizyka
942 _2UKD
_cKS
999 _c8061
_d8061